|
|
|
|
| LEADER |
01291nam a2200349 a 4500 |
| 001 |
000276963 |
| 003 |
CZ BrMZK |
| 005 |
20190530094131.0 |
| 007 |
ta |
| 008 |
980115s1997 xr f cze d |
| 015 |
|
|
|a cnb000299678
|
| 020 |
|
|
|a 80-7218-011-8
|
| 035 |
|
|
|a (OCoLC)38974577
|
| 040 |
|
|
|a BOA001
|b cze
|
| 080 |
|
|
|a 820(73)-31=850
|2 MRF
|
| 100 |
1 |
|
|a Adler, Elizabeth
|7 xx0017354
|4 aut
|
| 245 |
1 |
0 |
|a Leonie /
|c Elizabeth Adlerová ; [z angličtiny přeložila Alena Šimková]
|
| 250 |
|
|
|a Vyd. 1.
|
| 260 |
|
|
|a Frýdek-Místek :
|b Alpress,
|c 1997
|
| 300 |
|
|
|a 349 s. ;
|c 21 cm
|
| 490 |
1 |
|
|a Klokan (Alpress)
|
| 500 |
|
|
|a Dostupné též v digitální podobě v aplikaci Kramerius
|
| 655 |
|
7 |
|a americké romány
|7 fd131796
|2 czenas
|
| 700 |
1 |
|
|a Šimková, Alena,
|d 1954-
|7 ola2004188676
|4 trl
|
| 765 |
0 |
|
|t Léonie
|9 Česky
|
| 830 |
|
0 |
|a Klokan (Alpress)
|0 s
|
| 856 |
4 |
1 |
|u http://www.digitalniknihovna.cz/mzk/uuid/uuid:4d9b6ea0-85ce-11e9-852b-005056827e51
|y Digitalizovaný dokument
|x NDK
|
| 910 |
|
|
|a BOA001
|b 2-1041.707
|
| 990 |
|
|
|a BK
|
| 991 |
|
|
|f B-ADL
|
| 996 |
7 |
|
|b 2610065431
|c 2-1041.707
|l MZK
|r Sklad / do 1 hodiny
|n 17
|p p.v.
|w 000276963
|u 000010
|a 1
|e BOA001
|j MZK50
|s A
|
| 996 |
6 |
|
|b 2610553893
|c 2-1041.707
|l MZK
|r Sklad / do 1 hodiny
|n 0
|p dar
|w 000276963
|u 000020
|a 1
|e BOA001
|j MZK50
|s P
|